Einstellige Kfz-Kennzeichen in Österreich - Statistiken

Allgemein
  • Dieses Quiz wurde 205 mal gespielt
  • Das Durchschnittsergebnis liegt bei 9 aus 14
Antwortstatistiken
Hinw. Lösung % Korrekt
W Land Wien
95%
L Stadt Linz
90%
S Stadt Salzburg, Landesregierung von Salzburg
89%
I Stadt Innsbruck
89%
K Stadt Klagenfurt am Wörthersee, Landesregierung von Kärnten
85%
G Stadt Graz
84%
B Bezirk Bregenz, Landesregierung vom Burgenland
80%
E Stadt Eisenstadt, Stadt Rust
70%
P Stadt St. Pölten
67%
T Landesregierung von Tirol
39%
V Landesregierung von Vorarlberg
35%
O Landesregierung von Oberösterreich
31%
N Landesregierung von Niederösterreich
30%
A Höchste politische Ämter in Österreich
25%
Keine übereinstimmenden Quizze gefunden
Verteilung der Resultate
Anzahl Personen mit jedem Resultat
Perzentil nach korrekt beantworteten Fragen
Ihre Resultats-Entwicklung
Sie haben dieses Quiz noch nicht gespielt